|
|
|
|
| LEADER |
00665 a2200157 4500 |
| 020 |
|
|
|a 9788192563640
|
| 082 |
|
|
|a 551.6
|b Q32
|
| 245 |
|
|
|a Global climate change and environmental issues/
|c ed by Suman Kalyan Chaudhury
|
| 260 |
|
|
|a New Delhi:
|b S.K Book Agency,
|c 2013.
|
| 300 |
|
|
|a viii,312p.
|
| 504 |
|
|
|a Includes bibliographical references and index.
|
| 650 |
|
|
|a Climatic changes - Environmental aspects
|9 18388
|
| 700 |
|
|
|a Suman Kalyan Chaudhury, Ed.
|9 18352
|
| 942 |
|
|
|c BK
|
| 999 |
|
|
|c 63109
|d 63109
|
| 952 |
|
|
|0 0
|1 0
|4 0
|6 551_600000000000000_Q32
|7 0
|9 54944
|a MGUL
|b MGUL
|c GEN
|d 2014-02-26
|e Arunima Books Billno 200 26/02/2014
|g 1195.00
|l 1
|o 551.6 Q32
|p 51267
|r 2019-10-18
|s 2019-10-11
|y BK
|